00587cam a2200193 a 4500020003800000020003500038040000800073082002700081100002300108245005100131260005300182300004900235650001200284650001200296650002200308650002200330700002000352700002100372 a9780299284848 (pbk. : alk. paper) a0299284840 (pbk. : alk. paper) cDLC00a557 ICI 2011 C166 Or.1 aMickelson, David M10aGeology of the Ice Age National Scenic Trail / aMadison :bUniversity of Wisconsin Press,cc2011 axii, 395 p. :bcol. ill., col. maps ;c26 cm 0aGeology 0aGeology 0aGlacial landforms 0aGlacial landforms1 aMaher, Louis J.1 aSimpson, Susan L